| 000 | 00598nam a22002057a 4500 | ||
|---|---|---|---|
| 003 | OSt | ||
| 005 | 20140506090519.0 | ||
| 008 | 140506b xxu||||| |||| 00| 0 eng d | ||
| 020 | _a9717891576 | ||
| 050 |
_aHD 57.7 _b.B5616 2004 |
||
| 100 | _aBlanchard, Ken | ||
| 245 |
_aLeadership smarts : _binspiration and wisdom from the heart of a leader / _cKen Blanchard. |
||
| 260 |
_aU.S.A : _bChristian Literature Crusade, _cc2004. |
||
| 300 |
_a153 p. : _c16 cm. |
||
| 650 | _aLeadership. | ||
| 650 | _aExecutive ability. | ||
| 650 | _aEmployee motivation. | ||
| 942 |
_2lcc _cBK |
||
| 999 |
_c115787 _d115787 |
||